000 00303nam a2200133Ia 4500
008 231129s1972||||xx |||||||||||||| ||spa||
040 _bspa
082 _a193 W436
100 _aWeizsacker C.F. Von
245 0 _aLa importancia de la ciencia
260 _c1972
264 _aLabor
942 _2ddc
_cBKS
999 _c17364
_d17364